Top U.S. (United States) High Schools - Statistics

General Stats
  • This quiz has been taken 8 times
  • The average score is 5 of 25
Answer Stats
Rank State High school % Correct
5 Illinois Payton College Preparatory High School
50%
17 Arizona BASIS Oro Valley
33%
1 Arizona BASIS Peoria
33%
4 Pennsylvania Julia R. Masterman Secondary School
33%
2 Indiana Signature School
33%
14 Virginia Thomas Jefferson High School for Science and Technology
33%
7 South Carolina Academic Magnet High School
17%
20 New Mexico Albuquerque Institute of Math and Science
17%
19 Tennessee Central Magnet School
17%
16 North Carolina Early College at Guilford
17%
9 Georgia Gwinnett School of Mathematics, Science and Technology
17%
15 Arizona Haas Hall Bentonville
17%
24 New Jersey High Technology High School
17%
8 Michigan International Academy
17%
13 Michigan International Academy of Macomb
17%
23 Texas Irma Lerma Rangel Young Women's Leadership School
17%
21 Alabama Loveless Academic Magnet Program High School
17%
22 California Oxford Academy
17%
18 Florida Pine View School
17%
25 New York Queens High School for the Sciences at York College
17%
10 California Riverside Stem Academy
17%
6 Texas School for the Talented and Gifted
17%
12 California Science Academy Stem Magnet
17%
3 Washington Tesla STEM
17%
11 California Whitney High School
17%
No matching quizzes found
Score Distribution
Percent of People with Each Score
Percentile by Number Answered
Your Score History
You have not taken this quiz